Las estructuras del azar (Registro nro. 8150)
[ vista simple ]
| 000 -LEADER | |
|---|---|
| fixed length control field | 00922 a2200205 4500 |
| 001 - CONTROL NUMBER | |
| control field | 63366 |
| 005 - DATE AND TIME OF LATEST TRANSACTION | |
| control field | 20260407155931.0 |
| 008 - FIXED-LENGTH DATA ELEMENTS--GENERAL INFORMATION | |
| fixed length control field | 260407a1968 arg spa d |
| 003 - CONTROL NUMBER IDENTIFIER | |
| control field | AR-UNSa-BCEJYS |
| 040 ## - CATALOGING SOURCE | |
| Original cataloging agency | AR-UNSa-BCEJYS |
| Language of cataloging | spa |
| Transcribing agency | AR-UNSa-BCEJYS |
| 080 ## - UNIVERSAL DECIMAL CLASSIFICATION NUMBER | |
| Universal Decimal Classification number | 519.21 |
| Common auxiliary subdivision | Teoría de probabilidades y procesos estocásticos<br/> |
| 041 ## - LANGUAGE CODE | |
| Language code of text/sound track or separate title | spa |
| 100 1# - MAIN ENTRY--PERSONAL NAME | |
| Personal name | Boursin, Jean-Louis |
| 245 10 - TITLE STATEMENT | |
| Title | Las estructuras del azar |
| 264 #1 - PRODUCTION, PUBLICATION, DISTRIBUTION, MANUFACTURE, AND COPYRIGHT NOTICE | |
| Place of production, publication, distribution, manufacture | Barcelona : |
| Name of producer, publisher, distributor, manufacturer | Ediciones Martínez Roca |
| Date of production, publication, distribution, manufacture, or copyright notice | 1968 |
| 300 ## - PHYSICAL DESCRIPTION | |
| Extent | 190 p. |
| Dimensions | 18 cm. |
| 505 ## - FORMATTED CONTENTS NOTE | |
| Formatted contents note | 1. La geometría del azar – 2. ¿Qué es la probabilidad? – 3. Los principios del cálculo de probabilidades – 4. La esperanza matemática – 5. Probabilidades de las causas – 6. Probabilidades continúas – 7. Los problemas sencillos o curiosos – 8. Las aplicaciones utilitarias – 9. Léxico, bibliografía, ilustraciones – |
| 590 ## - LOCAL NOTE (RLIN) | |
| Local note | niveau_biblio:m niveau_hierar:0 |
| 942 ## - ADDED ENTRY ELEMENTS (KOHA) | |
| Koha item type | |
| Withdrawn status | Lost status | Damaged status | Not for loan | Home library | Current library | Shelving location | Date acquired | Total checkouts | Full call number | Barcode | Date last seen | Price effective from | Koha item type |
|---|---|---|---|---|---|---|---|---|---|---|---|---|---|
| Biblioteca Prof. Eusebio Cleto del Rey | Biblioteca Prof. Eusebio Cleto del Rey | 07/04/2026 | 519.21 B766 | L23416 | 07/04/2026 | 07/04/2026 | Libro |